"Я шел к тебе через войну..."; Томский политехник; Вып. 1

Bibliografiske detaljer
Parent link:Томский политехник: ежегодный журнал/ Томский политехнический университет (ТПУ), Ассоциация выпускников.— , 1995-
Вып. 1.— 1995.— [С. 53]
Hovedforfatter: Земляков Б. Борис
Summary:Заглавие с титульного листа
Электронная версия печатной публикации
Sprog:russisk
Udgivet: 1995
Serier:Физики-лирики
Fag:
Online adgang:Черно-белая версия для предварительного просмотра
Цветная версия без потери качества
Format: MixedMaterials Electronisk Book Chapter
KOHA link:https://koha.lib.tpu.ru/cgi-bin/koha/opac-detail.pl?biblionumber=187609

MARC

LEADER 00000nla2a2200000 4500
001 187609
005 20231031174034.0
035 |a (RuTPU)RU\TPU\book\203572 
035 |a RU\TPU\book\203567 
090 |a 187609 
100 |a 20101118d1995 km y0rusy50 ca 
101 0 |a rus 
102 |a RU 
135 |a drnn ---uucaa 
181 0 |a i  
182 0 |a b 
200 1 |a "Я шел к тебе через войну..."  |b Электронный ресурс  |f Б. Земляков 
203 |a Текст  |c электронный 
215 |a 2 файла (108 Кб, 2.2 Мб) 
225 1 |a Физики-лирики 
230 |a Электронные текстовые данные (2 файла : 108 Кб, 2.2 Мб) 
300 |a Заглавие с титульного листа 
300 |a Электронная версия печатной публикации 
337 |a Adobe Reader 
461 1 |0 (RuTPU)RU\TPU\book\202435  |t Томский политехник  |o ежегодный журнал  |f Томский политехнический университет (ТПУ), Ассоциация выпускников  |d 1995- 
463 0 |0 (RuTPU)RU\TPU\book\202441  |t Вып. 1  |v [С. 53]  |d 1995  |p 60 с. 
610 1 |a стихи 
610 1 |a лирика 
610 1 |a электронный ресурс 
700 1 |a Земляков  |b Б.  |g Борис 
801 1 |a RU  |b 63413507  |c 20101101 
801 2 |a RU  |b 63413507  |c 20101216  |g RCR 
856 4 |u http://www.lib.tpu.ru/fulltext/v/Tomsk_polytechnic/1995/N1a38_bw.pdf  |z Черно-белая версия для предварительного просмотра 
856 4 |u http://www.lib.tpu.ru/fulltext/v/Tomsk_polytechnic/1995/N1a38_full.pdf  |z Цветная версия без потери качества 
942 |c CF